Top 500 Baby Girl Names in 1978 (United States) - Statistics

General Stats
  • This quiz has been taken 450 times
  • The average score is 204 of 500
Answer Stats
Hint Answer % Correct
148 Marie
93%
24 Mary
93%
125 Ann
92%
119 Anne
92%
334 Jean
89%
220 Ana
88%
65 Anna
88%
359 Elisabeth
88%
14 Elizabeth
88%
468 Katharine
83%
38 Katherine
83%
57 Kathryn
83%
28 Sara
83%
72 Catherine
82%
306 Jenifer
82%
1 Jennifer
82%
36 Maria
81%
328 Jane
80%
199 Olivia
80%
325 Christi
78%
98 Kristi
78%
173 Christie
77%
59 Christy
77%
484 Cristy
77%
62 Kristen
77%
167 Kristie
77%
78 Kristin
77%
51 Kristy
77%
376 Lara
77%
19 Laura
77%
8 Sarah
77%
447 Emma
76%
3 Jessica
76%
144 Aimee
75%
261 Amie
75%
4 Amy
75%
33 Emily
75%
348 Lora
75%
259 Rose
74%
392 Shawn
74%
121 Victoria
74%
112 Julia
73%
110 Margaret
73%
162 Rachael
73%
25 Rachel
73%
418 Dianna
72%
472 Joan
72%
26 Julie
72%
39 Karen
72%
470 Karin
72%
11 Lisa
72%
136 Deanna
71%
102 Diana
71%
9 Michelle
71%
48 Patricia
71%
243 Kate
70%
100 Linda
70%
86 Michele
70%
6 Amanda
69%
205 Carol
69%
277 Charlotte
69%
15 Christina
69%
228 Cristina
69%
312 Hannah
69%
64 Kristina
69%
80 Lauren
68%
107 Beth
67%
241 Ellen
67%
256 Helen
67%
17 Rebecca
67%
49 Susan
67%
113 Barbara
66%
116 Nichole
66%
10 Nicole
66%
201 Caroline
65%
130 Carolyn
65%
380 Melisa
65%
2 Melissa
65%
281 Kim
64%
193 Rebekah
64%
141 Angel
63%
181 Diane
63%
362 Grace
63%
364 Joann
63%
315 Joanne
63%
488 Karrie
63%
74 Samantha
63%
16 Stephanie
63%
302 Alexandra
62%
292 Alice
62%
332 Annie
62%
35 Carrie
62%
304 Stefanie
62%
123 Alison
61%
75 Allison
61%
372 Allyson
61%
460 Alyson
61%
391 Carey
61%
270 Eva
61%
159 Janet
61%
137 Kari
61%
197 Keri
61%
208 Kerri
61%
217 Kerry
61%
480 Jeannie
60%
373 Kimberley
60%
13 Kimberly
60%
142 Molly
60%
230 Rosa
60%
242 Abigail
59%
180 Kellie
59%
12 Kelly
59%
69 Sandra
59%
87 Ashley
58%
29 Christine
58%
31 Danielle
58%
90 Katie
58%
453 Katy
58%
189 Kelley
58%
124 Kelli
58%
158 Kristine
58%
150 Paula
58%
339 Amelia
57%
469 Cari
57%
118 Deborah
57%
147 Debra
57%
120 Donna
57%
416 Jeanne
57%
477 Wendi
57%
56 Wendy
57%
23 Andrea
56%
420 Claire
56%
255 Frances
56%
190 Joanna
56%
479 Sophia
56%
88 Teresa
56%
101 Theresa
56%
283 Evelyn
55%
274 Jennie
55%
111 Jenny
55%
42 Monica
55%
66 Natalie
55%
212 Ruth
55%
7 Angela
54%
321 Betty
54%
462 Cherie
54%
396 Johanna
54%
366 Nora
54%
106 Sharon
53%
45 Tina
53%
73 Veronica
53%
58 Alicia
52%
188 Alisha
52%
103 Brenda
52%
340 Cathy
52%
446 Elisha
52%
139 Joy
52%
221 Kathy
52%
109 Pamela
52%
5 Heather
51%
358 Hollie
51%
55 Holly
51%
34 Erica
50%
355 Ericka
50%
104 Erika
50%
41 Megan
50%
164 Meghan
50%
97 Nancy
50%
21 Erin
49%
46 Jill
49%
76 Vanessa
49%
155 Bethany
48%
260 Dorothy
48%
320 Esther
48%
234 Audrey
47%
132 Carla
47%
382 Judy
47%
250 Karla
47%
108 Leah
47%
375 Nina
47%
53 Stacey
47%
303 Staci
47%
177 Stacie
47%
44 Stacy
47%
431 Jenna
46%
438 Josephine
46%
346 Judith
46%
54 Melanie
46%
330 Angelina
45%
344 Brittany
45%
216 Janice
45%
338 Jessie
45%
487 Lillian
45%
176 Martha
45%
400 Tania
45%
82 Tanya
45%
377 Tonia
45%
77 Tonya
45%
134 Cindy
44%
276 Faith
44%
471 Gabrielle
44%
92 Valerie
44%
30 Amber
43%
50 Cynthia
43%
314 Jackie
43%
131 Jaclyn
43%
81 Jacqueline
43%
266 Jacquelyn
43%
79 Kathleen
43%
223 Lynn
43%
347 Ruby
43%
313 Sandy
43%
22 Shannon
43%
179 Tracey
43%
322 Tracie
43%
47 Tracy
43%
331 Cassie
42%
70 Dana
42%
93 Gina
42%
269 Hope
42%
343 Mandi
42%
96 Mandy
42%
395 Mia
42%
68 Courtney
41%
85 Denise
41%
323 Irene
41%
291 Jasmine
41%
296 Sally
41%
151 Sherry
41%
349 Abby
40%
388 Alissa
40%
290 Alyssa
40%
27 April
40%
94 Cheryl
40%
405 Lana
40%
311 Penny
40%
445 Sheryl
40%
211 Traci
40%
244 Becky
39%
354 Debbie
39%
275 Lesley
39%
63 Leslie
39%
361 Wanda
39%
300 Alexis
38%
383 Carly
38%
327 Chrystal
38%
18 Crystal
38%
128 Jodi
38%
278 Jodie
38%
215 Jody
38%
298 Joyce
38%
229 Krystal
38%
231 Naomi
38%
40 Tara
38%
492 Tera
38%
407 Terra
38%
219 Angelica
37%
196 Candace
37%
168 Candice
37%
191 Cara
37%
486 Carolina
37%
305 Hilary
37%
318 Hillary
37%
127 Kara
37%
461 Lena
37%
324 Lydia
37%
117 Suzanne
37%
491 Tammie
37%
67 Tammy
37%
497 Aubrey
36%
227 Bonnie
36%
163 Bridget
36%
152 Cassandra
36%
411 Cheri
36%
236 Gloria
36%
443 Iris
36%
169 Laurie
36%
95 Lindsay
36%
153 Lindsey
36%
60 Lori
36%
114 Natasha
36%
271 Sheri
36%
264 Sherri
36%
350 Tami
36%
32 Tiffany
36%
428 Betsy
35%
489 Bridgette
35%
115 Brooke
35%
257 Jami
35%
20 Jamie
35%
449 Jayme
35%
194 Jillian
35%
263 Rita
35%
336 Shirley
35%
52 Dawn
34%
465 Deana
34%
398 Dena
34%
434 Dina
34%
310 Elaine
34%
371 Elena
34%
341 Marilyn
34%
160 Rhonda
34%
89 Robin
34%
187 Robyn
34%
184 Sheila
34%
175 Shelly
34%
345 Eileen
33%
406 Kylie
33%
299 Maureen
33%
239 Shelley
33%
273 Belinda
32%
182 Carmen
32%
410 Chelsea
32%
414 Lee
32%
213 Yvonne
32%
409 Candy
31%
454 Malinda
31%
238 Jeanette
31%
478 Jeannette
31%
258 Leigh
31%
84 Melinda
31%
178 Toni
31%
165 Virginia
31%
214 Claudia
30%
224 Connie
30%
83 Heidi
30%
499 Marci
30%
206 Marisa
30%
218 Marissa
30%
170 Mindy
30%
226 Nikki
30%
99 Renee
30%
91 Sabrina
30%
204 Sonia
30%
422 Sonja
30%
203 Sonya
30%
285 Kirsten
29%
183 Miranda
29%
351 Peggy
29%
393 Roberta
29%
356 Selena
29%
430 Serena
29%
482 Adrianne
28%
210 Anita
28%
237 Annette
28%
133 Colleen
28%
496 Gail
28%
122 Katrina
28%
195 Melody
28%
251 Sylvia
28%
105 Tamara
28%
287 Adriana
27%
156 Adrienne
27%
452 Alana
27%
209 Angie
27%
280 Beverly
27%
253 Charlene
27%
319 Darlene
27%
494 Marianne
27%
192 Shana
27%
149 Shanna
27%
202 Shauna
27%
161 Shawna
27%
268 Yvette
27%
370 Alisa
26%
379 Cecilia
26%
262 Christa
26%
365 Elisa
26%
279 Jocelyn
26%
145 Kendra
26%
157 Krista
26%
146 Meredith
26%
352 Miriam
26%
442 Rosemary
26%
143 Summer
26%
207 Tricia
26%
171 Trisha
26%
297 Whitney
26%
294 Billie
25%
374 Camille
25%
174 Casey
25%
404 Kasey
25%
440 Marlene
25%
384 Michael
25%
353 Nadia
25%
455 Noelle
25%
129 Regina
25%
466 Leanne
24%
326 Marcia
24%
288 Marsha
24%
386 Tori
24%
138 Yolanda
24%
402 Alma
23%
200 Autumn
23%
357 Bianca
23%
61 Brandi
23%
301 Brandie
23%
37 Brandy
23%
293 Lacey
23%
441 Lacy
23%
474 Liza
23%
172 Monique
23%
317 Norma
23%
401 Tia
23%
385 Gwendolyn
22%
342 Jolene
22%
427 Misti
22%
43 Misty
22%
225 Priscilla
22%
451 Tessa
22%
265 Bobbie
21%
413 Celeste
21%
140 Felicia
21%
252 Gretchen
21%
448 Marla
21%
419 Shelby
21%
363 Teri
21%
222 Terri
21%
272 Corinne
20%
421 Loretta
20%
295 Rachelle
20%
316 Rochelle
20%
126 Tabitha
20%
248 Jana
19%
475 Janel
19%
186 Janelle
19%
417 Janine
19%
408 Lorraine
19%
485 Sasha
19%
424 Vicki
19%
432 Bernadette
18%
367 Bobbi
17%
245 Ginger
17%
397 Haley
17%
289 Raquel
17%
309 Roxanne
17%
154 Desiree
16%
436 Genevieve
16%
423 Karina
16%
481 Marcie
16%
490 Marcy
16%
232 Charity
15%
378 Chrissy
15%
267 Juanita
15%
500 Ramona
15%
284 Trina
15%
458 Angelique
14%
495 Darcy
14%
437 Lynette
14%
369 Lorena
13%
235 Tasha
13%
389 Gabriela
12%
387 Antoinette
11%
333 Joni
11%
249 Latisha
11%
240 Leticia
11%
415 Audra
10%
381 Carissa
10%
198 Ebony
10%
135 Latoya
10%
394 Marisol
10%
425 Esmeralda
9%
390 Guadalupe
9%
368 Ryan
9%
282 Aisha
8%
456 Angelia
8%
459 Blanca
8%
308 Chasity
8%
473 Devin
8%
307 Devon
8%
71 Jaime
8%
246 Keisha
8%
493 Kisha
8%
444 Margarita
8%
247 Tameka
8%
166 Tamika
8%
463 Latanya
7%
185 Latasha
7%
254 Latonya
7%
457 Latosha
7%
337 Chandra
6%
286 Lakeisha
6%
329 Lakesha
6%
233 Lakisha
6%
476 Randi
6%
435 Rhiannon
6%
467 Yesenia
6%
399 Maribel
5%
429 Marlena
5%
360 Kenya
4%
498 Susana
4%
335 Tanisha
4%
433 Taryn
4%
483 Mayra
3%
412 Aja
2%
426 Lashonda
2%
450 Lawanda
1%
403 Tabatha
1%
439 Kizzy
0%
464 Maricela
0%
No matching quizzes found
Score Distribution
Percent of People with Each Score
Percentile by Number Answered
Your Score History
You have not taken this quiz